00601nam a2200193Ia 4500001000700000003000500007008004100012010001100053040000900064082002000073100003100093245009200124250001200216260003800228300001600266503006200282650004600344650001700390Z_1128CHAP220113s1981 xx 000 0 und d a164209 cCHAP a574.87 R62 1981 aRobertis, Eduardo D. P. de aBiología celular y molecular /cpor Eduardo D. P. de Robertis y E. M. F. de Robertis a10a ed. aBuenos Aires :bEl Ateneo,c1981 axxv, 613 p. aej.1: C/E (reposición) \ ej.2: 123788 \ ej.3: fotocopia aBiofísica I. Robertis, E M.F. de II. t. aCitología